| 000 | 00801nam a2200253 a 4500 | ||
|---|---|---|---|
| 999 |
_c3644 _d3644 |
||
| 005 | 20200210084326.0 | ||
| 008 | 140312b2004 ||||| |||| 00| 0 eng d | ||
| 020 | _a1904749003 | ||
| 040 |
_aCO-BoIAVH _cCO-BoIAVH |
||
| 041 | _aeng | ||
| 044 | _aenk | ||
| 090 |
_aLB _b03417 |
||
| 100 |
_aVines, Gail _920546 |
||
| 110 |
_bPlantlife International, PLANTLIFE _920547 |
||
| 245 |
_aHerbal harvests with a future: _btowards sustainable sources for medicinal plants. |
||
| 260 |
_aBrighton: _bPLANTLIFE, _c2004. |
||
| 300 |
_a10 Páginas: _bfotografías, _c30 x 21 cm. |
||
| 650 |
_aPlantas medicinales _9102603 |
||
| 650 |
_aConservación de plantas _9102604 |
||
| 650 |
_aProductos farmacéuticos naturales _918762 |
||
| 650 |
_aFitoterapia _9102605 |
||
| 942 |
_cFolleto _2ddc |
||
| 945 | _d2004-02-02 | ||